000 00383nam a2200145Ia 4500
008 210716s2007 xx 000 0 und d
041 _aeng
082 _a332.06 AVAD
100 _aAvadhani, V A
245 _aMarketing of financial services.
250 _a1
260 _aNew Delhi
_bHimalaya Publishing House
_c2007
300 _a716
650 _aFinancial Institutions & Markets
999 _c203400
_d203400